蒼髮的蜻蜓姬

資料類型: Book 圖書   書目號:45273

Leader xxxxxxxxxx
001 __ PCLIS00045273
005 __ 20221227132154.0
010 0_ |a978-986-287-797-5|b平裝|dNT$220
100 __ |a20121128d2012    m  y0chiy09      e
101 0_ |achi
102 __ |atw
105 __ |aa   z   000ay
200 1_ |a蒼髮的蜻蜓姬|dDragonfly princess|zeng|f墨熊作|gDomotoLain插畫
205 __ |a初版
210 __ |a臺北市|c台灣國際角川|d2012[民101]
215 0_ |a310面|c部分彩圖, 彩色摺圖|d19公分
225 1_ |aKadokawa fantastic novels
300 __ |a作者號由t038補0, 由t561刪除
510 1_ |aDragonfly princess|zeng
681 __ |a857.7|b855
681 __ |a857.7|b8550 2012
700 _0 |a墨熊|4702 _0 |aDomotoLain|4801 _0 |atw|b內湖高中|c20121128|gCCR
801 _2 |atw|b內湖高中|c20221227|gCCR
詳細館藏(共 1 筆)
索 書 號登 錄 號冊次號館別 / 館藏地流通類型狀態加入預約清單電子資源
857.7 / 855 1020469  圖書館 / 一樓輕小說專區 可外借30天 在館   

| 條列資料




目錄查詢 分類查詢 個人資料 圖書薦購 新書查詢 閉館日 排行榜 更多電子資源 Hami書城 線上資料庫 登出

From : 216.73.217.52

  本日流通累計至 09:40:25 借閱 : 0 次 續借 : 0 次 歸還 : 0 次 預約 : 0 次 電子資源 : 0 次


內湖高中圖書館  PCLIS 版本  26.5.0.12